000
00304nam a2200121Ia 4500
008
220204s9999 xx 000 0 und d
082
_a
517.9
_b
RAO
100
_a
S S
245
0
_a
Optimization: Theory and applications
260
_a
New Delhi
_b
Wiley Eastern
_c
1978
650
_a
Optimization
942
_c
BK
999
_c
27727
_d
27727